Derecho a la vida y derecho a la muerte: el ajetreado desarrollo del art. 15 de la Constitución.
Salvato in:
| Autore principale: | |
|---|---|
| Natura: | Libro |
| Lingua: | spagnolo |
| Pubblicazione: |
Madrid, España
Rialp
1994
|
| Serie: | Documentos del Instituto de Ciencias para la Familia.
16 |
| Soggetti: | |
| Tags: |
Aggiungi Tag
Nessun Tag, puoi essere il primo ad aggiungerne!!
|
MARC
| LEADER | 00000nam a2200000 a 4500 | ||
|---|---|---|---|
| 001 | UCM8878 | ||
| 003 | CL-VaPUC | ||
| 005 | 20240821121012.0 | ||
| 008 | 030404e19940000SP |||||||||||||||||spa|d | ||
| 999 | |c 303295 |d 303293 | ||
| 040 | |c Pontificia Universidad Católica de Valparaíso | ||
| 082 | 0 | 4 | |a 344.0419 OLL 1994 |2 21 |
| 100 | |a Ollero Tassara, Andrés |e autor |9 295400 | ||
| 245 | 1 | 0 | |a Derecho a la vida y derecho a la muerte: el ajetreado desarrollo del art. 15 de la Constitución. |
| 260 | 0 | 3 | |a Madrid, España |b Rialp |c 1994 |
| 300 | |a 125 páginas. | ||
| 490 | 0 | |a Documentos del Instituto de Ciencias para la Familia. |v 16 | |
| 583 | |a last modification |c 20161005 11:09:15 |k Rodrigo Vera | ||
| 650 | 0 | |a Derecho constitucional |9 222588 | |
| 650 | 0 | |a Derecho natural |9 255041 | |
| 650 | 0 | |a Protección jurídica |9 475151 | |
| 650 | 0 | |a Derecho privado |9 258243 | |
| 650 | 7 | |a DERECHO PENAL |2 CL-VaPUC |9 11 | |
| 650 | 0 | |a Eutanasia |9 255102 | |
| 650 | 0 | |a Aborto |9 256680 | |
| 650 | 0 | |a Derechos civiles y políticos |9 338684 | |
| 651 | 0 | |a España |9 254926 | |
| 942 | |c BK |2 ddc | ||
| 945 | |d 20030404 00:00:00 |a cmena | ||
| 952 | |0 0 |1 0 |2 ddc |4 0 |6 344_041900000000000_OLL_1994 |7 0 |8 DER_TF |9 364500 |a BIBDER |b BIBDER |d 2019-11-21 |i 3889718 |o 344.0419 OLL 1994 |p 3889718 |r 2023-01-25 |t 1 |w 2019-11-21 |x Ubicación 4to Piso |y BK |z Estos recursos deben solicitarse con anticipación |k DER | ||